| 000 | 00794cam a2200205 4500 | ||
|---|---|---|---|
| 001 | WB3644-06 | ||
| 008 | 000000n2000 000 0 eng u | ||
| 035 | _a(Sirsi) u109281 | ||
| 245 | _aAsbestos register planned | ||
| 260 | _c2000 | ||
| 490 |
_aBirmingham Post _v9 November 2000, 15(1) |
||
| 520 | _aThe Health and Safety Executive plans to introduce a national register of all public and private buildings containing asbestos. Outline's property owners responsibilites for reducing the risk of asbestos. | ||
| 590 | _aWB | ||
| 650 | _aMANAGEMENT-HEALTH AND SAFETY-HAZARDOUS SUBSTANCES-ASBESTOS | ||
| 650 | _aREGISTER | ||
| 650 | _aRISK ASSESSMENT | ||
| 650 | _aMANAGEMENT OF HEALTH AND SAFETY AT WORK REGULATIONS | ||
| 690 | _aBUILT ENVIRONMENT-BUILDING STANDARDS | ||
| 942 | _n0 | ||
| 999 |
_c65227 _d65227 |
||